000 00463nam a22001817a 4500
003 LK-CoDNM
005 20250116101136.0
008 250116b |||||||| |||| 00| 0 eng d
040 _aLK-CoDNM
_dLK-CoDNM
_eLK-CoDNM
041 _aeng
080 _a9
_bE12
100 _aClerke,Agnes,M
245 _aThe System Of The Stars
260 _aLondon
_bLongmans, Green, And Co.
_c1890
300 _aix,424p. : ill , map ; 22 cm
650 _ascience
942 _cBK
999 _c236409
_d236409